Statistics for 世界各国

Click here to take the quiz!

General Stats

  • This quiz has been taken 705 times
  • The average score is 71 of 197

Answers on the Map

Answers color-coded by a green-red scale on the quiz's map according to % correct below.
Loading ...
 

Answer Stats

国家% Correct
中国
95%
美国
92%
日本
89%
加拿大
86%
法国
86%
英国
86%
德国
82%
印度
82%
韩国
81%
意大利
80%
俄罗斯
76%
澳大利亚
76%
西班牙
76%
墨西哥
75%
台湾
73%
巴西
71%
泰国
69%
朝鲜
65%
南非
65%
越南
62%
新西兰
60%
蒙古
60%
马来西亚
60%
爱尔兰
58%
印尼
58%
埃及
58%
波兰
58%
葡萄牙
58%
挪威
56%
芬兰
56%
冰岛
54%
土耳其
54%
新加坡
53%
希腊
53%
阿根廷
53%
古巴
52%
荷兰
52%
瑞士
52%
瑞典
52%
伊拉克
50%
巴基斯坦
50%
丹麦
50%
伊朗
49%
菲律宾
49%
缅甸
49%
乌克兰
49%
苏丹
48%
也门
47%
罗马尼亚
47%
巴拿马
46%
白罗斯
46%
阿富汗
45%
哥伦比亚
45%
老挝
45%
利比亚
44%
比利时
44%
沙特阿拉伯
43%
智利
43%
以色列
43%
南苏丹
43%
秘鲁
42%
柬埔寨
42%
马达加斯加
40%
尼泊尔
40%
不丹
40%
摩洛哥
40%
哈萨克斯坦
40%
捷克
39%
巴哈马
39%
马里
38%
索马里
38%
刚果
38%
刚果民主共和国
38%
斯里兰卡
38%
奥地利
37%
中非
37%
匈牙利
36%
叙利亚
36%
孟加拉国
36%
海地
35%
乌拉圭
35%
玻利维亚
34%
克罗地亚
33%
突尼斯
33%
巴拉圭
33%
安哥拉
33%
纳米比亚
32%
尼日利亚
32%
阿联酋
32%
尼日尔
32%
塞尔维亚
31%
黑山
31%
卡塔尔
31%
卢森堡
31%
立陶宛
31%
埃塞俄比亚
31%
保加利亚
31%
肯尼亚
31%
波斯尼亚和黑塞哥维那
31%
阿尔及利亚
31%
吉尔吉斯斯坦
30%
马尔代夫
30%
巴勒斯坦
30%
阿尔巴尼亚
30%
阿曼
29%
几内亚
29%
马耳他
29%
斯洛伐克
29%
爱沙尼亚
29%
坦桑尼亚
29%
委内瑞拉
28%
赞比亚
28%
约旦
28%
梵蒂冈
28%
塔吉克斯坦
28%
黎巴嫩
28%
乌兹别克斯坦
28%
加纳
27%
乌干达
27%
阿塞拜疆
27%
斐济
27%
牙买加
26%
洪都拉斯
26%
斯洛文尼亚
26%
多米尼加
26%
厄瓜多尔
26%
利比里亚
25%
赤道几内亚
25%
乍得
25%
巴布亚新几内亚
25%
土库曼斯坦
25%
亚美尼亚
25%
文莱
25%
津巴布韦
25%
莫桑比克
25%
拉脱维亚
25%
科索沃
25%
圭亚那
25%
尼加拉瓜
25%
马拉维
25%
北马其顿
24%
所罗门群岛
24%
科威特
24%
东帝汶
24%
摩纳哥
24%
哥斯达黎加
24%
摩尔多瓦
23%
格鲁吉亚
23%
毛里求斯
23%
贝宁
23%
毛里塔尼亚
22%
巴林
22%
图瓦卢
22%
科特迪瓦
21%
多哥
21%
圣马力诺
21%
塞浦路斯
21%
瑙鲁
21%
苏里南
21%
危地马拉
21%
冈比亚
21%
汤加
21%
吉布提
20%
几内亚比绍
20%
莱索托
20%
卢旺达
20%
帕劳
19%
安道尔
19%
布基纳法索
19%
加蓬
18%
布隆迪
18%
厄立特里亚
18%
喀麦隆
18%
佛得角
18%
博茨瓦纳
17%
萨尔瓦多
17%
瓦努阿图
17%
萨摩亚
17%
圣多美和普林西比
17%
基里巴斯
16%
列支敦斯登
16%
马绍尔群岛
16%
塞舌尔
16%
塞内加尔
16%
巴巴多斯
15%
伯利兹
15%
塞拉利昂
15%
科摩罗
15%
斯威士兰
15%
圣卢西亚
14%
安提瓜和巴布达
13%
特立尼达和多巴哥
13%
密克罗尼西亚联邦
13%
圣文森特和格林纳丁斯
13%
多米尼克
12%
格林纳达
12%
圣基茨和尼维斯
11%

Score Distribution

Percentile by Number Answered

Percent of People with Each Score

Your Score History

You have not taken this quiz